15 principales países afectados por Covid19 - 25 de junio - Estadísticas

Estadísticas generales
  • Esta prueba ha sido intentada 4 veces
  • La puntuación promedio es 15 de 26
Estadísticas de respuestas
país % Correcto
Brasil
100%
Estados Unidos
100%
India
100%
Italia
100%
México
100%
Chile
75%
Chile
75%
España
75%
Irán
75%
Pakistán
75%
Perú
75%
Reino Unido
75%
Rusia
75%
Alemania
50%
Arabia Saudita
25%
Armenia
25%
Baréin
25%
Bélgica
25%
Bielorrusia
25%
Catar
25%
Kuwait
25%
Omán
25%
Panamá
25%
Singapur
25%
Suecia
25%
Turquía
25%
No se encontraron pruebas coincidentes
Distribución de puntuación
Porcentaje de gente con cada puntuación
Porcentaje por número respondido
Historial de tus puntuaciones
No has intentado esta prueba.